On This Day: September 30th II Quiz Stats

 Plays Quiz Updated Sep 30, 2018

Score 0/7 Timer 03:00
0 Plays Today
Question Answer Wrong Answers
This tabloid talk show, which is hosted by a former Mayor of Cincinnati, debuts.
1991
The Jerry Springer Show
84.3%
The Jenny Jones Show
1.5%
The Montel Williams Show
5.5%
The Phil Donahue Show
6.7%
This Puerto Rican baseball player for the Pittsburgh Pirates records the 3,000, and final, hit of his career.
1972
Roberto Clemente
79.6%
Stan Musial
3.7%
Orlando Cepeda
10.2%
Rod Carew
4.9%
NBC broadcasts the first televised ______ game. The Fordham Rams beat the Waynesburg Yellow Jackets.
1939
American Football
63.9%
Baseball
20.7%
Soccer
4.8%
Basketball
10.2%
The 30 September Movement attempts a coup against the Indonesian government, only to be crushed by military troops under ______, leading to a massive anti-communist purge.
1965
Suharto
60.1%
Pol Pot
18.5%
Chiang Kai-shek
9.2%
Ho Chi Minh
11.2%
Britain, France, Germany and Italy sign the Munich Agreement, allowing Germany to occupy the Sudetenland region of ______.
1938
Czechoslovakia
56.1%
France
4.8%
Poland
30%
Switzerland
9%
Babe Ruth becomes the first baseball player to hit ______ home runs in a season.
1927
60
55.5%
70
12.9%
50
24%
40
7.5%
This French-American actress and singer, who achieved international fame with the film ‘La Vie en Rose’, is born.
1975
Marion Cotillard
46.7%
Léa Seydoux
4.5%
Édith Piaf
34.8%
Penélope Cruz
12.3%

You're not logged in!

Compare scores with friends on all Sporcle quizzes.
OR
Log In

Sporcle TV

Today on Sporcle TV


Watch our educational content, quiz creation guides, and fun videos on Sporcle TV.

Show Comments

Extras

Top Quizzes Today


Score Distribution

Your Account Isn't Verified!

In order to create a playlist on Sporcle, you need to verify the email address you used during registration. Go to your Sporcle Settings to finish the process.

Report this User

Report this user for behavior that violates our Community Guidelines.

Details: